000 00280 a2200109 4500
001 50757
040 _cAnchieta - Pituba
240 1 0 _aPesquisas especiais
_l
245 1 0 _aPesquisas especiais
650 4 _aObras enciclopédicas gerais de línguas espanhola e portuguesa
942 _cMU
999 _c50757
_d50757